[Event "Vellmarer Schachtage 5th op  A"]
[Site "Vellmar"]
[Date "2013.07.28"]
[Round "6.8"]
[White "Jellema, Yme Jan"]
[Black "Kollars, Dmitrij"]
[Result "1/2-1/2"]
[WhiteElo "2217"]
[BlackElo "2026"]
[PlyCount "112"]
[EventDate "2013.07.25"]
[EventType "swiss"]
[EventRounds "7"]
[EventCountry "GER"]

{DWZ ---- DWZ 2043} 1. Nf3 Nf6 2. c4 g6 3. g3 Bg7 4. Bg2 O-O 5. O-O d6 6. Nc3
Nc6 7. a3 a5 8. d4 Bg4 9. d5 Bxf3 10. exf3 Ne5 11. Qe2 Ned7 12. Be3 e6 13. dxe6
fxe6 14. f4 c6 15. Rad1 Qc7 16. Qd2 d5 17. Bh3 Rfe8 18. Rfe1 Rad8 19. Bd4 Nf8
20. Qe3 Qf7 21. Bb6 Ra8 22. Bd4 Rad8 23. f3 dxc4 24. a4 Nd5 25. Qf2 Nxc3 26.
Bxc3 Bxc3 27. bxc3 Rxd1 28. Rxd1 e5 29. fxe5 Rxe5 30. f4 Rd5 31. Re1 Qf6 32.
Qb2 b5 33. Bg2 Rd3 34. axb5 cxb5 35. Re5 Qb6+ 36. Kf1 Qd6 37. Qxb5 Rd1+ 38. Kf2
Rd2+ 39. Kf3 Rd3+ 40. Kg4 h5+ 41. Kh3 Kg7 42. f5 gxf5 43. Qe8 Ng6 44. Rxf5 Nf4+
45. Rxf4 Qxf4 46. Qe7+ Qf7 47. Qg5+ Kf8 48. Be4 Rd6 49. Qxa5 Qe6+ 50. Bf5 Qf6
51. Qc5 Kg7 52. Qa7+ Qf7 53. Qf2 Rd5 54. g4 hxg4+ 55. Kxg4 Kf8 56. Qf4 Rd8
1/2-1/2

[Event "Vellmarer Schachtage 5th op  A"]
[Site "Vellmar"]
[Date "2013.07.28"]
[Round "6.9"]
[White "Eriksson, Magnus"]
[Black "Heinelt, Manfred"]
[Result "1/2-1/2"]
[WhiteElo "2060"]
[BlackElo "2211"]
[PlyCount "101"]
[EventDate "2013.07.25"]
[EventType "swiss"]
[EventRounds "7"]
[EventCountry "GER"]

{DWZ ---- DWZ 2088} 1. d4 Nf6 2. c4 c5 3. d5 e6 4. Nc3 exd5 5. cxd5 d6 6. e4 g6
7. Nf3 Bg7 8. Bd3 O-O 9. h3 a6 10. a4 Nbd7 11. O-O Qe7 12. Re1 Nh5 13. Bg5 Bf6
14. Be3 Ne5 15. Be2 Nxf3+ 16. Bxf3 Ng7 17. Qd2 Bd7 18. a5 Be5 19. Be2 f5 20.
exf5 Nxf5 21. Bg5 Qf7 22. Bg4 Nd4 23. Bxd7 Qxd7 24. Ra3 Rf3 25. Nb1 Raf8 26.
Bh4 Rxa3 27. Nxa3 Qxh3 28. gxh3 Nf3+ 29. Kg2 Nxd2 30. Re2 Nf3 31. Bg3 Nd4 32.
Re4 Bxg3 33. Kxg3 Rf5 34. Re7 Rxd5 35. Rxb7 Nc6 36. Rb6 Nxa5 37. Rxa6 Nb3 38.
Rb6 Nd4 39. Nc4 Nf5+ 40. Kg2 Rd4 41. Na5 Rd3 42. b4 cxb4 43. Rxb4 Kg7 44. Rb7+
Kh6 45. Rd7 g5 46. Nc6 Kg6 47. Ne5+ dxe5 48. Rxd3 Nd4 49. Ra3 h5 50. Ra6+ Kf5
51. f3 1/2-1/2

[Event "Vellmarer Schachtage 5th op  A"]
[Site "Vellmar"]
[Date "2013.07.28"]
[Round "6.10"]
[White "Cherny, Andrey"]
[Black "Ulrich, Thomas"]
[Result "1-0"]
[WhiteElo "2197"]
[BlackElo "2005"]
[PlyCount "101"]
[EventDate "2013.07.25"]
[EventType "swiss"]
[EventRounds "7"]
[EventCountry "GER"]

{DWZ 2138 DWZ} 1. b3 e5 2. Bb2 Nc6 3. e3 Nf6 4. Bb5 Bd6 5. d4 exd4 6. exd4 O-O
7. Nd2 Re8+ 8. Kf1 a6 9. Bd3 b5 10. h4 Bb7 11. a3 Bf8 12. Ne2 d5 13. Ng3 Bc8
14. Be2 Qd6 15. Nf3 Bg4 16. Ne5 Bxe2+ 17. Nxe2 Nd7 18. Nd3 Qe6 19. Nef4 Qd6 20.
g3 Nf6 21. Kg2 Ne4 22. f3 Nf6 23. c3 Ne7 24. Ne5 Nd7 25. c4 bxc4 26. bxc4 dxc4
27. Nxc4 Qc6 28. Rc1 Qb5 29. a4 Qf5 30. Ne3 Qa5 31. Bc3 Qb6 32. Qd2 Nf6 33. Ba5
Qb3 34. Bxc7 Ng6 35. Nd3 Qxa4 36. Rc4 Qd7 37. h5 Ne7 38. Ne5 Qb5 39. Rb4 Qxb4
40. Qxb4 Ned5 41. Qb3 Nxe3+ 42. Qxe3 Re6 43. Ba5 Rb8 44. Rd1 Rb5 45. Be1 Nd5
46. Qd3 Reb6 47. Bf2 Rb2 48. Rc1 f6 49. Ng4 Bd6 50. Rc8+ Bf8 51. Qc4 {Notation
nicht lesbar} 1-0

[Event "Vellmarer Schachtage 5th op  A"]
[Site "Vellmar"]
[Date "2013.07.28"]
[Round "6.11"]
[White "Humburg, Philipp"]
[Black "Balje, Jan"]
[Result "0-1"]
[WhiteElo "2054"]
[BlackElo "2189"]
[PlyCount "116"]
[EventDate "2013.07.25"]
[EventType "swiss"]
[EventRounds "7"]
[EventCountry "GER"]

{DWZ 2071 DWZ ----} 1. e4 c6 2. d4 d5 3. Nc3 dxe4 4. Nxe4 Nd7 5. Bd3 Ngf6 6.
Ng5 e6 7. N1f3 Bd6 8. Qe2 h6 9. Ne4 Nxe4 10. Qxe4 Qc7 11. Qg4 Kf8 12. Qe4 b6
13. O-O Bb7 14. Qe2 Rd8 15. Re1 c5 16. c3 g6 17. Ne5 Nxe5 18. dxe5 Bxe5 19.
Qxe5 Qxe5 20. Rxe5 Rxd3 21. Bf4 g5 22. Re3 $11 Rd2 23. Be5 Rg8 24. c4 Ke7 25.
Bc3 Rd7 26. a4 a5 27. Rae1 Bc6 28. b3 h5 29. h3 h4 30. f3 Rg6 31. Re5 Rd3 32.
R1e3 Rxe3 33. Rxe3 f6 34. Rd3 Rg8 35. Kf1 Be8 36. Be1 Bg6 37. Rd2 Rd8 38. Ke2
Rxd2+ 39. Kxd2 e5 40. g3 hxg3 41. Bxg3 Bh5 42. Ke3 Bg6 43. Kd2 Bh5 44. Ke3 Ke6
45. h4 f5 46. Ke2 f4 47. Be1 e4 48. hxg5 Bxf3+ 49. Kd2 e3+ 50. Kd3 Kf5 51. g6
Be4+ 52. Ke2 Kxg6 53. Bh4 Bc2 54. Kf3 Kf5 55. Bd8 Bd1+ 56. Kg2 f3+ 57. Kg1 f2+
58. Kf1 Bxb3 0-1

[Event "Vellmarer Schachtage 5th op  A"]
[Site "Vellmar"]
[Date "2013.07.28"]
[Round "6.12"]
[White "Blom, Vincent"]
[Black "Ziegenfuss, Holger"]
[Result "1-0"]
[WhiteElo "2167"]
[BlackElo "1959"]
[PlyCount "103"]
[EventDate "2013.07.25"]
[EventType "swiss"]
[EventRounds "7"]
[EventCountry "GER"]

{DWZ ---- DWZ 1865} 1. d4 Nf6 2. Nf3 c5 3. g3 g6 4. Bg2 Bg7 5. O-O cxd4 6. Nxd4
Nc6 7. c4 Qb6 8. Nb5 a6 9. N5c3 O-O 10. Na4 Qc7 11. c5 Rd8 12. Nb6 Rb8 13. Bf4
e5 14. Bg5 Ne7 15. Qd6 Qxd6 16. cxd6 Nc6 17. Nc3 Re8 18. Bh3 Na7 19. Nbd5 Nxd5
20. Nxd5 Kh8 21. Nb6 f6 22. Be3 Rf8 23. Rac1 f5 24. Nxd7 Bxd7 25. Bxa7 Rbc8 26.
Rc7 Rxc7 27. dxc7 e4 28. Rd1 Bc8 29. b3 Bf6 30. Bb6 Kg7 31. e3 Re8 32. a4 Kf7
33. Bf1 Be6 34. Rd8 Kf8 35. Bc4 Bc8 36. Rd1 Be7 37. h4 Kg7 38. Kg2 Bf6 39. Kf1
Kf8 40. b4 Be7 41. b5 Bb4 42. bxa6 bxa6 43. Bd5 Ke7 44. Bc6 Rf8 45. Rd4 Bd6 46.
Ba5 Rf6 47. Rc4 h6 48. Bc3 Rf8 49. Bg7 Rg8 50. Bxh6 {Notation unklar und nicht
lesbar} -- 51. Bg5+ Kf7 52. Bd5+ 1-0

[Event "Vellmarer Schachtage 5th op  A"]
[Site "Vellmar"]
[Date "2013.07.28"]
[Round "6.13"]
[White "Rafiee, Makan"]
[Black "Sieber, Fiona"]
[Result "1-0"]
[WhiteElo "2151"]
[BlackElo "1868"]
[PlyCount "63"]
[EventDate "2013.07.25"]
[EventType "swiss"]
[EventRounds "7"]
[EventCountry "GER"]

{DWZ 2132 DWZ 1890} 1. e4 c5 2. Nf3 d6 3. d4 cxd4 4. Nxd4 Nf6 5. Nc3 Nc6 6. Bc4
e6 7. Be3 Be7 8. Bb3 O-O 9. Qe2 a6 10. O-O-O Qc7 11. Rhg1 Nd7 12. g4 b5 13. Nd5
exd5 14. Nxc6 Ne5 15. Nxe7+ Qxe7 16. Bxd5 Rb8 17. f4 Nc4 18. Bd4 Be6 19. Qf3
Rfc8 20. g5 Bxd5 21. exd5 Qc7 22. Rg2 b4 23. f5 Qa5 24. g6 f6 25. gxh7+ Kh8 26.
Qg3 Qc7 27. Rdg1 Ne5 28. Bxe5 fxe5 29. Qxg7+ Qxg7 30. Rxg7 Rf8 31. f6 Rbc8 32.
R1g3 1-0

[Event "Vellmarer Schachtage 5th op  A"]
[Site "Vellmar"]
[Date "2013.07.28"]
[Round "6.14"]
[White "Schnegelsberg, Karl-Heinz"]
[Black "Kiesel, Harald"]
[Result "0-1"]
[WhiteElo "2004"]
[BlackElo "2140"]
[PlyCount "56"]
[EventDate "2013.07.25"]
[EventType "swiss"]
[EventRounds "7"]
[EventCountry "GER"]

{DWZ 1855 DWZ 2064} 1. Nf3 e6 2. g3 Nf6 3. Bg2 d5 4. O-O c5 5. d3 Nc6 6. Nbd2
g6 7. e4 Bg7 8. exd5 Nxd5 9. Ne4 b6 10. Bg5 f6 11. c4 fxg5 12. cxd5 exd5 13.
Nexg5 O-O 14. Re1 Nd4 15. Qd2 Bg4 16. Ne5 Bf5 17. f4 Qd6 18. Re3 Rad8 19. Rae1
b5 20. g4 Bxg4 21. Nxg4 Qxf4 22. Nxh7 Kxh7 23. Rh3+ Kg8 24. Qxf4 Rxf4 25. Nh6+
Kf8 26. Ree3 Nf5 27. Ref3 Rxf3 28. Bxf3 Bxh6 0-1

[Event "Vellmarer Schachtage 5th op  A"]
[Site "Vellmar"]
[Date "2013.07.28"]
[Round "6.15"]
[White "Stabernack, Joschi"]
[Black "Doeserich, Juergen"]
[Result "1-0"]
[WhiteElo "2041"]
[BlackElo "2092"]
[PlyCount "69"]
[EventDate "2013.07.25"]
[EventType "swiss"]
[EventRounds "7"]
[EventCountry "GER"]

{DWZ 1986 DWZ 2023} 1. e4 c5 2. Nf3 Nc6 3. d4 cxd4 4. Nxd4 Nf6 5. Nc3 d6 6. g3
Bg4 7. Nf3 Qa5 8. h3 Bh5 9. Bd2 Qb5 10. g4 Bg6 11. a3 Qb6 12. Bd3 e6 13. Be3
Qc7 14. Qd2 a6 15. Nd4 Nxd4 16. Bxd4 e5 17. Be3 Qc6 18. f3 Be7 19. h4 h6 20.
O-O-O Nd7 21. Nd5 Bd8 22. Be2 Nc5 23. Kb1 Be7 24. h5 Bh7 25. g5 Rc8 26. gxh6
gxh6 27. Nb4 Qa4 28. Bxh6 a5 29. Nd5 Nxe4 30. fxe4 Bxe4 31. Nc3 Rxc3 32. Qxc3
Rxh6 33. Rhg1 Kd7 34. Rg8 Qc6 35. Bb5 1-0

[Event "Vellmarer Schachtage 5th op  A"]
[Site "Vellmar"]
[Date "2013.07.28"]
[Round "6.16"]
[White "Braun, Ingram"]
[Black "Schlachowitsch, Markus"]
[Result "1-0"]
[WhiteElo "2009"]
[BlackElo "2022"]
[PlyCount "25"]
[EventDate "2013.07.25"]
[EventType "swiss"]
[EventRounds "7"]
[EventCountry "GER"]

{DWZ 1942 DWZ 1882} 1. e4 d5 2. exd5 Nf6 3. Bb5+ Nbd7 4. c4 a6 5. Ba4 b5 6.
cxb5 Nxd5 7. Nc3 Nxc3 8. dxc3 e5 9. Qd5 Rb8 10. bxa6 Bxa6 11. Bg5 f6 12. Qe6+
Be7 13. Qxa6 1-0

[Event "Vellmarer Schachtage 5th op  A"]
[Site "Vellmar"]
[Date "2013.07.28"]
[Round "6.17"]
[White "Engel, Luis"]
[Black "Weber, Hubert"]
[Result "1/2-1/2"]
[WhiteElo "1765"]
[BlackElo "1999"]
[PlyCount "75"]
[EventDate "2013.07.25"]
[EventType "swiss"]
[EventRounds "7"]
[EventCountry "GER"]

{DWZ 1791 DWZ 1927} 1. e4 d6 2. Bc4 Nf6 3. d3 g6 4. Nc3 c6 5. Bg5 Bg7 6. Qd2 b5
7. Nxb5 cxb5 8. Bxf6 Bxf6 9. Bd5 Qc7 10. e5 Bxe5 11. d4 Nc6 12. dxe5 dxe5 13.
Nf3 Bb7 14. Rd1 O-O-O 15. Qe2 e6 16. Bb3 Rxd1+ 17. Kxd1 a6 18. Kc1 Rd8 19. Rd1
Rxd1+ 20. Kxd1 Nd4 21. Nxd4 exd4 22. g3 Qc5 23. f4 a5 24. a4 Bc6 25. axb5 Bxb5
26. Qf3 Bc6 27. Qd3 Bb5 28. Qf3 Bc6 29. Qd3 Kb7 30. g4 Bb5 31. Qf3+ Bc6 32. Qd3
Kb6 33. Bc4 e5 34. fxe5 Qxe5 35. Bxf7 Qf4 36. Be6 Bb5 37. c4 dxc3 38. Qd8+
1/2-1/2

[Event "Vellmarer Schachtage 5th op  A"]
[Site "Vellmar"]
[Date "2013.07.28"]
[Round "6.19"]
[White "Klauke, Stefan"]
[Black "Stuckenschneider, Martin"]
[Result "1-0"]
[WhiteElo "2125"]
[BlackElo "1964"]
[PlyCount "21"]
[EventDate "2013.07.25"]
[EventType "swiss"]
[EventRounds "7"]
[EventCountry "GER"]

{DWZ 2081 DWZ 1764} 1. e4 c5 2. d4 cxd4 3. c3 Nf6 4. e5 Nd5 5. Nf3 d6 6. exd6
Qxd6 7. Nxd4 a6 8. Na3 e5 9. Ndb5 Qc6 10. Qxd5 Bxa3 11. Qxc6+ 1-0

[Event "Vellmarer Schachtage 5th op  A"]
[Site "Vellmar"]
[Date "2013.07.28"]
[Round "6.20"]
[White "Forgach, Andreas"]
[Black "Keil, Roland"]
[Result "1-0"]
[WhiteElo "1919"]
[BlackElo "2062"]
[PlyCount "75"]
[EventDate "2013.07.25"]
[EventType "swiss"]
[EventRounds "7"]
[EventCountry "GER"]

{DWZ 1772 DWZ 1952} 1. e4 e5 2. Nf3 Nc6 3. Bb5 a6 4. Ba4 Nf6 5. d4 exd4 6. e5
Ne4 7. O-O Be7 8. Nxd4 Nc5 9. Bxc6 dxc6 10. Nc3 O-O 11. Be3 Ne6 12. Nf5 Bc5 13.
Bxc5 Nxc5 14. Qxd8 Rxd8 15. Ne7+ Kf8 16. Nxc8 Raxc8 17. Rad1 Ke7 18. f4 $11 Ne6
19. Ne2 b5 20. f5 Nc5 21. Nd4 Kf8 22. Nxc6 Re8 23. Rd5 Na4 24. e6 Nxb2 25. Rd7
f6 26. Rf7+ Kg8 27. Ne7+ Kh8 28. Nxc8 Rxc8 29. Rd7 Kg8 30. Re1 Nc4 31. e7 Re8
32. Rxc7 Kf7 33. Re6 a5 34. Kf2 Ne5 35. Rb6 g6 36. Rxb5 Ra8 37. e8=Q+ Kxe8 38.
Rxh7 1-0

[Event "Vellmarer Schachtage 5th op  A"]
[Site "Vellmar"]
[Date "2013.07.28"]
[Round "6.21"]
[White "Wesslen, Ulf"]
[Black "Lechnauer, Uwe"]
[Result "0-1"]
[WhiteElo "2050"]
[BlackElo "1883"]
[PlyCount "116"]
[EventDate "2013.07.25"]
[EventType "swiss"]
[EventRounds "7"]
[EventCountry "GER"]

{DWZ ---- DWZ 1975} 1. e4 e5 2. Nf3 Nc6 3. Bb5 Nf6 4. O-O Bd6 5. Re1 O-O 6. d4
Re8 7. Bxc6 bxc6 8. Nbd2 c5 9. c3 Bb7 10. Qc2 Nh5 11. Nc4 cxd4 12. Nxd6 cxd6
13. cxd4 exd4 14. Bg5 Qb6 15. Rad1 Rac8 16. Qb1 Rc5 17. b4 Rb5 18. Bd2 Nf6 19.
a4 Rh5 20. a5 Qd8 21. Bg5 h6 22. Bxf6 Qxf6 23. Rxd4 Rg5 24. Kh1 Rg6 25. b5 Qd8
26. Qb4 Ree6 27. h3 Rgf6 28. Qd2 Qe7 29. e5 Rxf3 30. gxf3 Bxf3+ 31. Kh2 Rxe5
32. Rxe5 Qxe5+ 33. Qf4 Qc5 34. Qxd6 Qxb5 35. Qf4 Bc6 36. Qd2 Qb8+ 37. f4 Qb1
38. Rb4 Qh1+ 39. Kg3 Qg1+ 40. Kh4 Qc5 41. a6 f6 42. Qd4 Qf5 43. Qe3 Qa5 44.
Rb8+ Kh7 45. Qd3+ g6 46. Re8 Qc5 47. Qf1 Qc3 48. Qf2 g5+ 49. Kg4 h5+ 50. Kf5
Qd3+ 51. Kxf6 Qd6+ 52. Kxg5 Qg6+ 53. Kh4 Qxe8 54. Qxa7 Qe1+ 55. Kxh5 Bf3+ 56.
Kg5 Qe7+ 57. Kf5 Qf7+ 58. Ke5 d6+ 0-1

[Event "Vellmarer Schachtage 5th op  A"]
[Site "Vellmar"]
[Date "2013.07.28"]
[Round "6.22"]
[White "Krausse, Eckhard"]
[Black "Schaefer, Annabelle"]
[Result "1-0"]
[WhiteElo "1999"]
[BlackElo "1930"]
[PlyCount "83"]
[EventDate "2013.07.25"]
[EventType "swiss"]
[EventRounds "7"]
[EventCountry "GER"]

{DWZ 1942 DWZ 1842} 1. e4 e5 2. d4 exd4 3. Qxd4 Nc6 4. Qe3 Bb4+ 5. Nc3 d6 6.
Bd2 Be6 7. Qg3 Qf6 8. O-O-O Qg6 9. f4 Qxg3 10. hxg3 f5 11. Nf3 fxe4 12. Ng5 Bf5
13. Bc4 Nf6 14. a3 Bxc3 15. Bxc3 Kd7 16. Nf7 Rhf8 17. Ne5+ Ke7 18. Nxc6+ bxc6
19. Rh4 h6 20. g4 Be6 21. Bxe6 Kxe6 22. g5 hxg5 23. fxg5 Ne8 24. Rxe4+ Kd7 25.
Rde1 Rg8 26. Re7+ Kd8 27. Rf7 Rb8 28. Ree7 Rb5 29. Bd2 Rd5 30. Re4 Rh8 31. c4
Rd3 32. Rf3 Rxf3 33. gxf3 Rh3 34. Re3 Rg3 35. Kc2 Kd7 36. Kd3 Rxg5 37. Rxe8 Rf5
38. Re3 d5 39. Bc3 g6 40. Bd2 Kd6 41. Bc3 a6 42. Bd2 1-0

[Event "Vellmarer Schachtage 5th op  A"]
[Site "Vellmar"]
[Date "2013.07.28"]
[Round "6.23"]
[White "Flick, Antoine"]
[Black "Lammers, Frank"]
[Result "1-0"]
[WhiteElo "1909"]
[BlackElo "1998"]
[PlyCount "53"]
[EventDate "2013.07.25"]
[EventType "swiss"]
[EventRounds "7"]
[EventCountry "GER"]

{DWZ ---- DWZ 1917} 1. d4 d5 2. c4 c6 3. Nf3 Nf6 4. Nbd2 a6 5. g3 g6 6. Bg2 Bg7
7. O-O O-O 8. Re1 b6 9. e4 dxe4 10. Nxe4 Nxe4 11. Rxe4 Bf5 12. Re1 Bg4 13. Be3
Ra7 14. Re2 Rd7 15. Rd2 b5 16. Rc1 bxc4 17. Rxc4 Be6 18. Rc3 Bd5 19. Qa4 f6 20.
Qd1 Rb7 21. Bf1 Qb6 22. Ne1 a5 23. Nd3 Na6 24. Nf4 Nc7 25. Qa4 Qb4 26. Qc2 Bf3
27. Rb3 1-0

[Event "Vellmarer Schachtage 5th op  A"]
[Site "Vellmar"]
[Date "2013.07.28"]
[Round "6.24"]
[White "Knoth, Eugen"]
[Black "Hilgert, Viktor"]
[Result "1-0"]
[WhiteElo "1993"]
[BlackElo "1951"]
[PlyCount "51"]
[EventDate "2013.07.25"]
[EventType "swiss"]
[EventRounds "7"]
[EventCountry "GER"]

{DWZ 1841 DWZ 2088} 1. d4 d5 2. Bf4 e6 3. e3 Nf6 4. Bd3 Bd6 5. Bxd6 Qxd6 6. c3
Nbd7 7. Nf3 O-O 8. Nbd2 e5 9. Nxe5 Nxe5 10. dxe5 Qxe5 11. Qc2 c5 12. Nf3 Qh5
13. Be2 Qg6 14. Qxg6 hxg6 15. O-O b6 16. Rad1 Bb7 17. Ng5 Rad8 18. Rd2 Rfe8 19.
Rfd1 Re5 20. h4 Ne4 21. Nxe4 Rxe4 22. g3 Re7 23. Bf3 Red7 24. c4 d4 25. Bxb7
Rxb7 26. exd4 1-0

[Event "Vellmarer Schachtage 5th op  A"]
[Site "Vellmar"]
[Date "2013.07.28"]
[Round "6.25"]
[White "Kobs, Stephan"]
[Black "Rehbein, Ullrich"]
[Result "0-1"]
[WhiteElo "1986"]
[BlackElo "1822"]
[PlyCount "122"]
[EventDate "2013.07.25"]
[EventType "swiss"]
[EventRounds "7"]
[EventCountry "GER"]

{DWZ 1873 DWZ 1654} 1. e4 c5 2. Nf3 a6 3. c4 Nc6 4. d4 cxd4 5. Nxd4 Nf6 6. Nc3
d6 7. Be2 g6 8. Be3 Bg7 9. O-O Bd7 10. Rc1 Rc8 11. f3 O-O 12. Qd2 Ne5 13. b3
Nc6 14. Rfd1 Rb8 15. Kh1 Re8 16. Bf1 Ne5 17. Nd5 Bc6 18. Be2 Bd7 19. b4 Rc8 20.
Nb3 Nxd5 21. cxd5 Rxc1 22. Rxc1 Qb8 23. h3 Bb5 24. f4 Bxe2 25. Qxe2 Nd7 26. Rc4
e6 27. dxe6 Rxe6 28. Qc2 Re8 29. Na5 h6 30. Bd4 b5 31. Nc6 Qb7 32. Rc3 Bxd4 33.
Nxd4 Qxe4 34. Qxe4 Rxe4 35. Rc7 Rxd4 36. Rxd7 Rxb4 37. Rxd6 Ra4 38. Rd2 Rxf4
39. Kh2 Kg7 40. Kg3 Rc4 41. Kf3 a5 42. Rd5 Rb4 43. a4 Rb3+ 44. Kf2 bxa4 45.
Rxa5 a3 46. Ke2 Kf6 47. Kf2 Ke6 48. Ke2 Kd6 49. Ra7 Rb2+ 50. Kf3 a2 51. g4 Ke5
52. Ra4 Kd5 53. Kg3 g5 54. Kf3 Kc5 55. Ra7 Kc4 56. Ke3 Rh2 57. Ke4 Kc3 58. Rc7+
Kb2 59. Rb7+ Kc1 60. Ra7 Kb1 61. Rb7+ Rb2 0-1

[Event "Vellmarer Schachtage 5th op  A"]
[Site "Vellmar"]
[Date "2013.07.28"]
[Round "6.26"]
[White "Van der Hoeven, Gerben"]
[Black "Bethke, Richard"]
[Result "0-1"]
[WhiteElo "1962"]
[BlackElo "1616"]
[PlyCount "48"]
[EventDate "2013.07.25"]
[EventType "swiss"]
[EventRounds "7"]
[EventCountry "GER"]

{DWZ ---- DWZ 1370} 1. e4 e5 2. Nf3 Nf6 3. d4 Nxe4 4. Nxe5 d5 5. Bd3 Nf6 6. Bg5
Nbd7 7. O-O c5 8. c3 Qb6 9. Qe2 Be7 10. b3 cxd4 11. Re1 O-O 12. Nf3 Bc5 13. b4
dxc3 14. bxc5 Qb2 15. Qc2 d4 16. Bc1 Qxa1 17. Ba3 Re8 18. Rf1 Ne5 19. Nbd2
Qxf1+ 20. Nxf1 Nxf3+ 21. gxf3 Bh3 22. Bf5 Bxf5 23. Qxf5 Rad8 24. Qd3 Nh5 {
Notation unklar} 0-1

[Event "Vellmarer Schachtage 5th op  A"]
[Site "Vellmar"]
[Date "2013.07.28"]
[Round "6.27"]
[White "Rafiee, Kayvan"]
[Black "Weber, Andreas"]
[Result "1/2-1/2"]
[WhiteElo "1942"]
[BlackElo "1863"]
[PlyCount "29"]
[EventDate "2013.07.25"]
[EventType "swiss"]
[EventRounds "7"]
[EventCountry "GER"]

{DWZ 1801 DWZ 1741} 1. e4 d5 2. exd5 Qxd5 3. Nc3 Qd6 4. d4 Nf6 5. Nf3 Bg4 6. h3
Bh5 7. g4 Bg6 8. Bg2 c6 9. Be3 Nd5 10. Nxd5 Qxd5 11. Qe2 e6 12. Nh4 Qa5+ 13.
Qd2 Bb4 14. c3 Bd6 15. Nxg6 1/2-1/2

[Event "Vellmarer Schachtage 5th op  A"]
[Site "Vellmar"]
[Date "2013.07.28"]
[Round "6.28"]
[White "Diener, Carolin Valeria"]
[Black "Kies, Wolfgang"]
[Result "1-0"]
[WhiteElo "1700"]
[BlackElo "1916"]
[PlyCount "41"]
[EventDate "2013.07.25"]
[EventType "swiss"]
[EventRounds "7"]
[EventCountry "GER"]

{DWZ 1623 DWZ 1811} 1. e4 e5 2. Nf3 Nc6 3. Bb5 f5 4. d3 fxe4 5. dxe4 Nf6 6. O-O
Bc5 7. Bxc6 bxc6 8. Nxe5 O-O 9. Bg5 Qe8 10. Nd3 Nxe4 11. Bh4 Bb6 12. Re1 d5 13.
Nd2 Bf5 14. Kh1 Qd7 15. Nxe4 Bxe4 16. f3 Bxd3 17. Qxd3 Rae8 18. Rad1 Qf5 19.
Rxe8 Qxd3 20. Rxf8+ Kxf8 21. Rxd3 1-0

[Event "Vellmarer Schachtage 5th op  A"]
[Site "Vellmar"]
[Date "2013.07.28"]
[Round "6.30"]
[White "Mueller, Joachim"]
[Black "Niemeyer, Norbert"]
[Result "1-0"]
[WhiteElo "1950"]
[BlackElo "1758"]
[PlyCount "83"]
[EventDate "2013.07.25"]
[EventType "swiss"]
[EventRounds "7"]
[EventCountry "GER"]

{DWZ 1689 DWZ 1590} 1. d4 Nf6 2. c4 g6 3. Nc3 d5 4. cxd5 Nxd5 5. e4 Nxc3 6.
bxc3 c5 7. Bc4 Bg7 8. Ne2 O-O 9. O-O Nc6 10. Be3 cxd4 11. cxd4 Na5 12. Bd3 Be6
13. Qa4 a6 14. Rfd1 b5 15. Qb4 Nc4 16. a4 Nxe3 17. fxe3 Rb8 18. axb5 axb5 19.
Rab1 Bd7 20. Nc3 e6 21. Re1 Qg5 22. e5 Rfc8 23. Ne4 Qd8 24. Rb2 Bf8 25. Qd2 b4
26. Nf6+ Kg7 27. Rf1 Be8 28. Qf2 Rc3 29. Be4 Rbc8 30. Qh4 h6 31. Rbf2 Rc1 32.
Nxe8+ Qxe8 33. Qf6+ Kg8 34. Qxf7+ Qxf7 35. Rxf7 Rxf1+ 36. Rxf1 Kg7 37. Rf6 b3
38. Rxe6 b2 39. Rb6 Rc3 40. Kf2 Be7 41. Rxb2 Bg5 42. Re2 1-0

[Event "Vellmarer Schachtage 5th op  A"]
[Site "Vellmar"]
[Date "2013.07.28"]
[Round "6.31"]
[White "Schulze, Lara"]
[Black "Soeder, Maximilian"]
[Result "1/2-1/2"]
[WhiteElo "1788"]
[BlackElo "1672"]
[PlyCount "94"]
[EventDate "2013.07.25"]
[EventType "swiss"]
[EventRounds "7"]
[EventCountry "GER"]

{DWZ 1604 DWZ 1525} 1. d4 Nf6 2. c4 d6 3. Nc3 g6 4. e4 Bg7 5. h3 Nc6 6. Nf3 O-O
7. Be3 Bd7 8. Be2 Qc8 9. g4 h5 10. Nh2 hxg4 11. Nxg4 Nxg4 12. hxg4 f6 13. f3
Kf7 14. Qd2 Rh8 15. O-O-O g5 16. Bd3 e5 17. d5 Ne7 18. c5 a6 19. Rh2 Rxh2 20.
Qxh2 Qh8 21. Rh1 Qxh2 22. Rxh2 Rh8 23. Rxh8 Bxh8 24. c6 bxc6 25. dxc6 Bxc6 26.
Bxa6 d5 27. exd5 Nxd5 28. Bc4 Ke6 29. Bc5 Bb7 30. a4 c6 31. a5 Kd7 32. a6 Ba8
33. Na4 Kc7 34. b4 Bg7 35. Bxd5 cxd5 36. b5 d4 37. b6+ Kc6 38. Nb2 Bf8 39. Nd3
Bxc5 40. Nxc5 Kxb6 41. Nd7+ Kxa6 42. Nxf6 Bxf3 43. Nh7 Bxg4 44. Nxg5 Kb5 45.
Nf7 Be2 46. Nxe5 Kc5 47. Kd2 Bb5 1/2-1/2

[Event "Vellmarer Schachtage 5th op  A"]
[Site "Vellmar"]
[Date "2013.07.28"]
[Round "7.1"]
[White "Turov, Maxim"]
[Black "Angskog, Kent"]
[Result "1-0"]
[WhiteElo "2588"]
[BlackElo "2219"]
[PlyCount "77"]
[EventDate "2013.07.25"]
[EventType "swiss"]
[EventRounds "7"]
[EventCountry "GER"]

1. d4 g6 2. c4 Bg7 3. Nc3 d6 4. e4 e5 5. Nge2 Nc6 6. Be3 f5 7. exf5 Bxf5 8. d5
Nce7 9. h3 h5 10. Ng3 Nf6 11. Bd3 Qd7 12. Qc2 a6 13. Nge4 Nxe4 14. Bxe4 O-O-O
15. O-O Bh6 16. Qd2 g5 17. f3 Rdg8 18. g4 Bg6 19. Rad1 Rh7 20. c5 dxc5 21. Bxc5
Bf8 22. Kg2 Bxe4 23. Nxe4 Ng6 24. Be3 Be7 25. d6 cxd6 26. Qd5 Rd8 27. Nxg5 Bxg5
28. Bxg5 Nf4+ 29. Bxf4 exf4 30. Qc4+ Kb8 31. Qxf4 Rf7 32. Qd4 h4 33. Rfe1 Re7
34. Qf6 Rde8 35. Rxe7 Rxe7 36. Qxh4 Re2+ 37. Kg3 d5 38. Qh8+ Re8 39. Qd4 1-0

[Event "Vellmarer Schachtage 5th op  A"]
[Site "Vellmar"]
[Date "2013.07.28"]
[Round "7.3"]
[White "Pogan, Nikolas"]
[Black "Kersten, Uwe"]
[Result "1/2-1/2"]
[WhiteElo "2284"]
[BlackElo "2289"]
[PlyCount "81"]
[EventDate "2013.07.25"]
[EventType "swiss"]
[EventRounds "7"]
[EventCountry "GER"]

{DWZ 2262 DWZ 2227} 1. c4 c5 2. g3 Nc6 3. Bg2 g6 4. Nc3 Bg7 5. Nf3 b6 6. O-O
Bb7 7. e3 Nf6 8. d4 cxd4 9. exd4 Na5 10. b3 d5 11. Ne5 Rc8 12. Ba3 dxc4 13.
Bxb7 Nxb7 14. Nb5 Na5 15. Re1 O-O 16. Nxa7 Ra8 17. Nb5 cxb3 18. axb3 Re8 19.
Qf3 Rc8 20. Bb4 Qd5 21. Qxd5 Nxd5 22. Bxa5 bxa5 23. Rxa5 Nb4 24. Ra4 Nd5 25.
Rc4 Rb8 26. Nc3 Nxc3 27. Rxc3 Rb5 28. Kg2 e6 29. Ree3 Rd8 30. Nc6 Rd6 31. Rc4
Bf6 32. Ne5 Rb7 33. b4 Rd5 34. f4 Rdb5 35. Rb3 g5 36. Kf3 gxf4 37. gxf4 Be7 38.
Nc6 Bd6 39. Ke4 Rh5 40. Rg3+ Kf8 41. h3 1/2-1/2

[Event "Vellmarer Schachtage 5th op  A"]
[Site "Vellmar"]
[Date "2013.07.28"]
[Round "7.4"]
[White "Balje, Jan"]
[Black "Gutman, Lev"]
[Result "1-0"]
[WhiteElo "2189"]
[BlackElo "2455"]
[PlyCount "105"]
[EventDate "2013.07.25"]
[EventType "swiss"]
[EventRounds "7"]
[EventCountry "GER"]

{DWZ ---- DWZ 2375} 1. d4 Nf6 2. c4 g6 3. Nf3 Bg7 4. g3 O-O 5. Bg2 c6 6. O-O d5
7. cxd5 Nxd5 8. Nc3 Nxc3 9. bxc3 Qa5 10. Qc2 Nd7 11. e4 Nb6 12. Bf4 Be6 13. Nd2
Na4 14. Rac1 c5 15. d5 Bd7 16. e5 Rac8 17. c4 b5 18. cxb5 Bxb5 19. Nc4 Bxc4 20.
Qxc4 Nb6 21. Qe2 c4 22. Rfd1 Rfd8 23. d6 e6 24. Bg5 Qxe5 25. Qxe5 Bxe5 26. Bxd8
Rxd8 27. d7 Kf8 28. Bc6 Ke7 29. a4 c3 30. Rd3 a6 31. f4 Bg7 32. Kf2 Nc4 33. Bb7
a5 34. Bc6 Nb2 35. Rf3 Rb8 36. Bb5 Rb7 37. Ke2 Rc7 38. Rc2 Rc5 39. g4 h5 40. h3
h4 41. Re3 Bd4 42. Re4 Bg7 43. f5 gxf5 44. gxf5 Rxf5 45. Rg4 Re5+ 46. Kf3 Rf5+
47. Kg2 Nd1 48. Rxg7 Rxb5 49. axb5 Ne3+ 50. Kf2 Nxc2 51. Rxf7+ Kd8 52. b6 Nb4
53. b7 1-0